[Event "GER-chT U12"]
[Site "Magdeburg"]
[Date "2023.12.29"]
[Round "5.9"]
[White "Mueller, Maximilian4"]
[Black "Seling, Simon"]
[Result "1/2-1/2"]
[WhiteElo "1250"]
[BlackElo "1026"]
[PlyCount "84"]
[EventDate "2023.12.26"]
[EventType "team-swiss"]
[EventRounds "7"]
[EventCountry "GER"]
[SourceTitle "CB03_2024"]
[SourceDate "2024.01.17"]
[SourceVersion "1"]
[SourceVersionDate "2024.01.17"]
[SourceQuality "1"]
[WhiteTeam "Karlsruhe SF"]
[BlackTeam "Brackel"]
[WhiteTeamCountry "GER"]
[BlackTeamCountry "GER"]

1. e4 e5 2. Nf3 Nc6 3. Bc4 Bc5 4. Nc3 Nf6 5. d3 h6 6. Be3 Bb6 7. h3 d6 8. Qd2 Be6 9. Bb3 Qd7 10. Bxe6 fxe6 11. 0-0-0 0-0-0 12. Bxb6 axb6 13. a3 d5 14. exd5 exd5 15. d4 e4 16. Ne5 Nxe5 17. dxe5 d4 18. exf6 dxc3 19. Qxc3 Qf7 20. fxg7 Rxd1+ 21. Rxd1 Rg8 22. Qe3 Qxg7 23. Qxe4 Qxg2 24. Qxg2 Rxg2 25. Rf1 Rh2 26. f4 Rxh3 27. f5 Kd8 28. b3 Ke7 29. f6+ Kf7 30. a4 Re3 31. Rh1 Kxf6 32. Rxh6+ Ke7 33. Kb2 Kd7 34. Rh5 Kd6 35. b4 Re5 36. Rxe5 Kxe5 37. c4 Kd6 38. Kc3 Kc6 39. a5 bxa5 40. bxa5 Kc5 41. Kb3 Kd4 42. Kb4 c6 1/2-1/2